Borgolte, Michael, 1948-. Siedler-Geschichte Europas . - München : Siedler. - 2006 [Rezension]
| Titel: | Borgolte, Michael, 1948-. Siedler-Geschichte Europas . - München : Siedler. - 2006 [Rezension] |
|---|---|
| Verfasser: | |
| In: |
Revue historique, Band 132/310, Heft 646 (2008), Seite 393-394 alle Artikel anzeigen |
| Veröffentlicht: | 2008 |
| Format: | Aufsatz |
| Sprache: | Französisch |
X
alg: 39492866 001A $01999:12-11-16 001B $01999:04-08-21 $t20:59:35.000 001D $01999:12-11-16 001U $0utf8 001X $00 002@ $0Aox 003@ $0394928660 007A $0394928660 $aHEB 007T $0Herdc0043961m 010@ $afre 011@ $a2008 021A $aBorgolte, Michael, 1948-. Siedler-Geschichte Europas . - München : Siedler. - 2006 [Rezension] 028A $aMonnet $dPierre 031A $d132/310 $e646 $h393-394 $j2008 039B $aIn $8--Abvc--. Revue historique. - Paris : Presses Univ. de France, 1876-. - ISSN 0035-3264 $x200800001320646607 $9047310693 039T $8--AFu--Borgolte, Michael$Z1948- [Tp1]. Siedler-Geschichte Europas. Christen, Juden, Muselmanen. - 1. Auflage. - München : Siedler, 2006. - 639 Seiten. - Illustrationen, Karten. - ISBN 978-3-88680-439-9 $917728014X 045F $a900.9479 $eDDC23BSB 045F/01 $a900 045F/03 $g479 045F/03 $g437 045F/03 $g43816 045T $a8 lok: 39492866 78 exp: 39492866 78 1 #EPN 201B/01 $018-11-16 $t13:10:18.000 201U/01 $0utf8 203@/01 $0791227243 208@/01 $a12-11-16 $be 209A/01 $a/ $f000 $x00 220C/01 $aTitelaufnehmer: mf;pg 220C/01 $aHerkunft: HI Marburg 244Z/01 $2Trx $#Kesk- ja Ida- Euroopa kontseptsioonid $#Vidurio Europos koncepcijos $#East-Central Europe $#Keletközépeurópa-eszmék $#Europa Środkowo-Wschodnia koncepcje $#Európa stredovýchodná koncepcie $#Evropa střední, východní část koncepce $#Mitteleuropa $#Osteuropakonzeptionen $#Europa Środkowa koncepcje $#Stredná Európa koncepcie $#Střední Europa koncepce $8--Trx--Ostmitteleuropakonzeptionen $x01 $9391364286 244Z/01 $2Trx $#Baltijos šalys $#kraje bałtyckie $#Baltikum $8--Trx--Baltische Länder $x02 $9391352903 244Z/01 $2Trx $#Pomeranija $#Pommern $#Pomoransko $#Pomořansko $#Hinterpommern;Vorpommern;Mittelpommern $#Pomorze Środkowe;Pomorze Przednie $#Pomořansko;Západní Pomořany; Pomořany $8--Trx--Pomorze Zachodnie $x03 $9391303775 244Z/01 $2Trx $#arvustused $#recenzijos $#Reviews $#recenziók $#recenzje $#recenzie $#recenze $8--Trx--Rezensionen $x04 $9391357441 247C/01 $82080>Marburg/Lahn, Herder-Institut, Forschungsbibliothek, Bibliographieportal $9336309341
| LEADER | 00000caa a22000002c 4500 | ||
|---|---|---|---|
| 001 | 394928660 | ||
| 003 | DE-603 | ||
| 005 | 20210804205935.0 | ||
| 007 | tu | ||
| 008 | 161112s2008 xx |||| | u00||u|fre c | ||
| 035 | |a (DE-599)HEB394928660 | ||
| 040 | |a DE-603 |b ger |c DE-603 |d DE-603 | ||
| 041 | |a fre | ||
| 082 | 0 | 4 | |8 1\u |a 900.9479 |q DE-101 |2 23/BSB |
| 084 | |a 8 |2 ssgn | ||
| 085 | |8 1\u |b 900 | ||
| 085 | |8 1\u |z 2 |s 479 | ||
| 085 | |8 1\u |z 2 |s 437 | ||
| 085 | |8 1\u |z 2 |s 43816 | ||
| 100 | 1 | |a Monnet, Pierre | |
| 245 | 0 | 0 | |a Borgolte, Michael, 1948-. Siedler-Geschichte Europas . - München : Siedler. - 2006 [Rezension] |
| 264 | 0 | |c 2008 | |
| 773 | 0 | 8 | |i In |t Revue historique |d Paris : Presses Univ. de France, 1876- |x 0035-3264 |g Band 132/310, Heft 646 (2008), Seite 393-394 |w (DE-603)047310693 |w (DE-600)209825-8 |
| 787 | 0 | 8 | |i Rezension von |a Borgolte, Michael, 1948- |t Christen, Juden, Muselmanen |b 1. Auflage |d München : Siedler, 2006 |h 639 Seiten, Illustrationen, Karten |z 3886804399 |z 9783886804399 |w (DE-603)17728014X |
| 924 | 0 | |9 2080 |a (DE-603)791227243 |b DE-2080 |c HES |d d |g / | |


